000
00318nam a22001337a 4500
008
170216b xxu||||| |||| 00| 0 eng d
020
_a
9780683180060
041
_a
eng
080
_2
2ND
_a
615
100
_a
5
101
_a
SHF
245
_a
POCKET HANDBOOK OF PSYCHIATRIC DRUG TREATMENT
_c
KAPLAN, H.I
942
_2
udc
_c
BK
999
_c
5711
_d
5711